Keeping Tabs Quiz Stats

 Plays Quiz Updated Jan 4, 2019

     
Support Sporcle.
Go Orange.
Score 0/15 Timer 03:00
0 Plays Today
Clue Guess % Correct
Another term for Ping Pongtable tennis
92.6%
A linen for the dining surfacetablecloth
92.6%
A newspaper giving the news in often sensational materialtabloid
86.3%
A unit of capacity used in cooking, equal to half a fluid ouncetablespoon
84.1%
A brandnamed hot red sauce made from peppersTabasco
81.6%
A list of the parts of a book organized in the order in which the parts appeartable of contents
80.5%
A cat with a distinctive coat that features stripes, dots, or swirling patternstabby
76%
To arrange in a systematic, or condensed formtabulate
47.3%
Clue Guess % Correct
A Lebanese salad dishtabbouleh
41.9%
The portable sanctuary in which the Jews carried the Ark of the Covenant through the deserttabernacle
35.6%
A small drum, often having a snaretabor
34.2%
A depiction of a scene usually presented on a stage by silent and motionless costumed participantstableau
29.4%
Latin: Blank Slatetabula rasa
29.4%
As an interface, allowing multiple documents to be contained within a single windowtabbed
20%
A system of notation using letters or symbols to indicate how a musical piece is to be playedtablature
18.2%

From the Vault

Cecil B. DeMille Awards

by SporcleAdmin

Movies 10m
Sporcle would just like to thank the Hollywood Foreign Press for giving us the content for an incredibly difficult quiz.
Remove Ads.
Support Sporcle.
Get the best of Sporcle when you Go Orange. This ad-free experience offers more features, more stats, and more fun while also helping to support Sporcle. Thank you for becoming a member.

Show Comments

Extras

Top Quizzes Today


Score Distribution

Your Account Isn't Verified!

In order to create a playlist on Sporcle, you need to verify the email address you used during registration. Go to your Sporcle Settings to finish the process.

Report this User

Report this user for behavior that violates our Community Guidelines.

Details: